Il Terzo Segreto

-д хадгалсан:
Номзүйн дэлгэрэнгүй
Үндсэн зохиолч: Stevo Berry
Формат: Ном
Хэл сонгох:Тодорхойгүй
Хэвлэсэн: Tea
Шошгууд: Шошго нэмэх
Шошго байхгүй, Энэхүү баримтыг шошголох эхний хүн болох!

MARC

LEADER 00000nam a2200000Ia 4500
001 R-938
003 CODICE-MESSINA
005 20260212102459.0
008 260211s9999 xx 000 0 und d
040 |c importazione_messina 
100 |a Stevo Berry 
245 0 |a Il Terzo Segreto 
260 |b Tea 
942 |2 ddc  |c BK 
952 |0 0  |1 0  |2 ddc  |4 0  |6 SCAFFALE_9_000000000000000__ROMANZI  |7 0  |9 31766  |a ME  |b ME  |d 2026-02-11  |l 0  |o SCAFFALE 9 - ROMANZI  |p R-938  |r 2026-02-11 23:52:45  |w 2026-02-11  |x [REVISIONARE]  |y BK 
999 |c 27431  |d 27431